| 000 | 00533nam a2200193 4500 | ||
|---|---|---|---|
| 001 | 12154 | ||
| 005 | 20230410121012.0 | ||
| 008 | 060907n1998 dr spa | ||
| 020 | _a0393973387 | ||
| 035 | _9funglode12250 | ||
| 041 | _aEN | ||
| 050 | 1 | 4 | _aJK 1118 W517s 1999 |
| 100 | _aWest, Darrell M. | ||
| 245 | 1 | 4 |
_aThe sound of money : _bhow political interests get what they want / _cWest, Darrell M. |
| 260 |
_aNew York : _bNorton, _c1998 |
||
| 300 | _ax, 291 p. | ||
| 700 | _aLoomis, Burdett A. | ||
| 942 |
_2lcc _cbk |
||
| 999 |
_c56025 _d56025 |
||